| 000 | 00787nam a2200265Ia 4500 | ||
|---|---|---|---|
| 003 | OSt | ||
| 005 | 20220918221627.0 | ||
| 006 | a|||||r|||| 00| 0 | ||
| 007 | ta | ||
| 008 | 220917b |||||||| |||| 00| 0 eng d | ||
| 024 | _a202,244 | ||
| 037 | _cTextual | ||
| 040 |
_aARTS _cARTS _beng |
||
| 041 |
_2eng _aeng |
||
| 082 | _aV1:19.M89, N8 | ||
| 100 |
_aHarvey Frank P Ed. _9140989 |
||
| 245 | 0 |
_aConflict in world politics _b advances in the study of crisis, war and peace |
|
| 260 |
_aLondon _bMacmillan Press _c1998 |
||
| 300 |
_axvii, 366p _ccm. |
||
| 490 | _aAdvances in political sciences | ||
| 650 | _aHISTORY | ||
| 700 |
_a Mor Ben D Ed. _9140990 |
||
| 942 |
_hV1:19.M89, N8 _cTEXL _2CC |
||
| 999 |
_c273142 _d273142 |
||